Europe Jigsaw Puzzle - Statistics

General Stats
  • This quiz has been taken 4,126 times
  • The average score is 37 of 45
Answers on the Map
Answers color-coded by a green-red scale on the quiz's map according to % correct below.
 
Answer Stats
Country % Correct
Finland
99%
France
99%
Norway
99%
Russia
99%
Sweden
99%
Italy
98%
Spain
98%
Ukraine
98%
United Kingdom
98%
Greece
97%
Portugal
96%
Germany
95%
Poland
95%
Belarus
93%
Iceland
92%
Ireland
88%
Romania
88%
Estonia
84%
Austria
83%
Croatia
83%
Latvia
80%
Denmark
79%
Czech Republic
78%
Moldova
78%
Switzerland
78%
Bulgaria
77%
Lithuania
75%
Malta
74%
Monaco
74%
Netherlands
74%
Serbia
74%
Andorra
73%
Hungary
73%
Vatican City
73%
San Marino
70%
Albania
69%
Belgium
69%
Bosnia and Herzegovina
69%
Slovakia
69%
Liechtenstein
65%
Slovenia
63%
North Macedonia
61%
Kosovo
58%
Luxembourg
58%
Montenegro
58%
No matching quizzes found
Score Distribution
Percent of People with Each Score
Percentile by Number Answered
Your Score History
You have not taken this quiz